Southville International School and Colleges
Your cart is empty.
  • Cart
  • Lists
    Public lists Eva Luna New books Lux_list list_1
    Your lists Log in to create your own lists
  • Log in to your account
  • Your cookies
  • Search history
Southville International School and Colleges
  • Advanced search
  • Recent comments
  • Most popular
  • Libraries

Log in to your account

Log in with GOOGLE


If you do not have an external account, but do have a local account, you can still log in:

  1. Home
  2. MARC view: Fundamentals of accountancy, business and management 1:
Normal view MARC view ISBD view

Fundamentals of accountancy, business and management 1: (Record no. 354639)

[ view plain ]
MARC details
000 -LEADER
fixed length control field 01032nam a22002417a 4500
003 - CONTROL NUMBER IDENTIFIER
control field SISC
005 - DATE AND TIME OF LATEST TRANSACTION
control field 20180201111019.0
008 - FIXED-LENGTH DATA ELEMENTS--GENERAL INFORMATION
fixed length control field 180201b xxu||||| |||| 00| 0 eng d
050 ## - LIBRARY OF CONGRESS CALL NUMBER
Classification number HF 5635 .F56
100 ## - MAIN ENTRY--PERSONAL NAME
Personal name Florendo, Joselito G.
245 ## - TITLE STATEMENT
Title Fundamentals of accountancy, business and management 1:
Remainder of title specialized subject academic-ABM /
Statement of responsibility, etc Joselito G. Florendo, Carlsberg S. Andres, Arthur P. Barrido, Christopher B. Honorario.
260 ## - PUBLICATION, DISTRIBUTION, ETC. (IMPRINT)
Place of publication, distribution, etc Quezon City:
Name of publisher, distributor, etc Commission on Higher Education,
Date of publication, distribution, etc 2016.
300 ## - PHYSICAL DESCRIPTION
Extent 172 pages:
Other physical details illustrations;
Dimensions 28 cm.
440 ## - SERIES STATEMENT/ADDED ENTRY--TITLE
Title Teaching guide for senior high school
500 ## - GENERAL NOTE
General note This teaching guide by the Commission on Higher Education is licensed under a Creative Commons Attribution-NonCommercial-ShareAlike 4.0 International License.
650 ## - SUBJECT ADDED ENTRY--TOPICAL TERM
Source of heading or term Library of Congress Subject Headings
Topical term or geographic name as entry element Accounting
700 ## - ADDED ENTRY--PERSONAL NAME
Personal name Florendo, Joselito G.
700 ## - ADDED ENTRY--PERSONAL NAME
Personal name Andres, Carlsberg S.
700 ## - ADDED ENTRY--PERSONAL NAME
Personal name Barrido, Arthur P.
700 ## - ADDED ENTRY--PERSONAL NAME
Personal name Honorario, Christopher B.
942 ## - ADDED ENTRY ELEMENTS (KOHA)
Source of classification or shelving scheme Library of Congress Classification
Koha item type Books
Holdings
Withdrawn status Lost status Source of classification or shelving scheme Damaged status Home library Current library Shelving location Date acquired Source of acquisition Sub Shelving location Total Checkouts Full call number Barcode Date last seen Copy number Price effective from Koha item type
    Library of Congress Classification   Luxembourg Library Luxembourg Library Teachers Reference Section 02/01/2018 Donation     HF 5635 .F56 20501 02/01/2018 1 02/01/2018 Books

Fundamentals of accountancy, business and management 1:

APA

Florendo J. G., Florendo J. G., Andres C. S., Barrido A. P. & Honorario C. B. (2016). Fundamentals of accountancy, business and management 1. Quezon City: Commission on Higher Education.

Chicago

Florendo Joselito G, Florendo Joselito G, Andres Carlsberg S, Barrido Arthur P and Honorario Christopher B. 2016. Fundamentals of accountancy, business and management 1. Quezon City: Commission on Higher Education.

Harvard

Florendo J. G., Florendo J. G., Andres C. S., Barrido A. P. and Honorario C. B. (2016). Fundamentals of accountancy, business and management 1. Quezon City: Commission on Higher Education.

MLA

Florendo Joselito G, Florendo Joselito G, Andres Carlsberg S, Barrido Arthur P and Honorario Christopher B. Fundamentals of accountancy, business and management 1. Quezon City: Commission on Higher Education. 2016.

  • Place hold
  • Print
  • Cite
  • Add to your cart (remove)
  • Save record
    BIBTEX Dublin Core MARCXML MARC (non-Unicode/MARC-8) MARC (Unicode/UTF-8) MARC (Unicode/UTF-8, Standard) MODS (XML) RIS
  • More searches
    Search for this title in:
    Other Libraries (WorldCat) Other Databases (Google Scholar) Online Stores (Bookfinder.com) Open Library (openlibrary.org)

Exporting to Dublin Core...

SOUTHVILLE LIBRARY

Southville International School and Colleges Library

1281 Tropical Ave. Cor. Luxembourg St., BF Homes International, Las Pinas City

Tel. No. 8256374 / 252358 Loc. 117/146

Powered by Koha